=LDR 00000nam 2200000 4500 =001 INLIS000000000010265 =005 20181029115217 =035 ##$$a 0010-061300000010265 =008 181029###########################0#ind## =041 ##$$a Ind =082 ##$$a 344.01 =090 ##$$a 344.01, Hus p =100 ##$$a HUSNI, Lalu =245 1#$$a Pengantar Hukum Ketenagakerjaan Indonesia /$c Lalu Husni =260 ##$$a Jakarta :$b Rajawali,$c 2003 =300 ##$$a ix, 210 hlm, ; $c 21 cm =650 ##$$a Hukum Perburuhan =850 ##$$a NBPNMAT =020 ##$$a 979-421-779-4 =084 ##$$a 344.01 HUS p =990 ##$$a 0001/BPAP-NTB/20142014 =990 ##$$a 0001/BPAP-NTB/20142014 =990 ##$$a 0001/BPAP-NTB/2015 =990 ##$$a 170.431 pro.2002 =990 ##$$a 0001/BPAP-NTB/20142014 =990 ##$$a 0001/BPAP-NTB/20142014